[Event "SFR-ch Seniors"]
[Site "Kiselevsk"]
[Date "2010.10.15"]
[Round "6"]
[White "Popov, Vladimir P"]
[Black "Gorokhov, Vladimir"]
[Result "0-1"]
[WhiteElo "2009"]
[BlackElo "1992"]
[PlyCount "84"]
[EventDate "2010.10.11"]
[EventType "swiss"]
[EventRounds "9"]
[EventCountry "RUS"]
[SourceTitle "EXT 2022"]
[Source "ChessBase"]
[SourceDate "2021.10.06"]
[SourceVersion "1"]
[SourceVersionDate "2021.10.06"]
[SourceQuality "1"]

1. e4 e6 2. d4 d5 3. Nd2 Nf6 4. e5 Nfd7 5. Bd3 c5 6. c3 Nc6 7. Ne2 Qb6 8. Nf3 Be7 9. 0-0 cxd4 10. cxd4 Nf8 11. a3 Bd7 12. b4 a6 13. h4 Ng6 14. g3 f6 15. h5 Nf8 16. Bf4 f5 17. Qd2 h6 18. Kg2 Nd8 19. Be3 Nf7 20. Rh1 a5 21. b5 a4 22. Rhb1 g5 23. hxg6 Nxg6 24. Qb2 Ng5 25. Nxg5 hxg5 26. Rh1 Kf7 27. Rxh8 Rxh8 28. Rh1 Rxh1 29. Kxh1 Kg7 30. Kg2 Qd8 31. Bd2 Qf8 32. Bc1 f4 33. gxf4 gxf4 34. Kf1 f3 35. Nc3 Qh8 36. Ke1 Qh1+ 37. Kd2 Qg1 38. Nd1 Nf4 39. Qc3 Be8 40. Bb2 Nh3 41. Qc7 Kf8 42. Bc1 Nxf2 0-1

[Event "SFR-ch Seniors"]
[Site "Kiselevsk"]
[Date "2010.10.12"]
[Round "2"]
[White "Popov, Vladimir P"]
[Black "Martjushov, Vasily"]
[Result "1-0"]
[WhiteElo "2009"]
[BlackElo "2087"]
[PlyCount "119"]
[EventDate "2010.10.11"]
[EventType "swiss"]
[EventRounds "9"]
[EventCountry "RUS"]
[SourceTitle "EXT 2022"]
[Source "ChessBase"]
[SourceDate "2021.10.06"]
[SourceVersion "1"]
[SourceVersionDate "2021.10.06"]
[SourceQuality "1"]

1. e4 e5 2. Nf3 Nc6 3. Bb5 Nf6 4. 0-0 Qe7 5. Nc3 a6 6. Bc4 d6 7. Ng5 Be6 8. Nxe6 fxe6 9. d3 h6 10. f4 0-0-0 11. fxe5 Nxe5 12. Bb3 c5 13. d4 Ned7 14. dxc5 dxc5 15. a4 Ne5 16. Qe2 g5 17. Kh1 Bg7 18. Be3 Nc6 19. Qc4 Rhe8 20. Bxc5 Qc7 21. Bg1 Ng4 22. Qe2 h5 23. g3 Be5 24. Rad1 Nf6 25. Rxd8+ Qxd8 26. Rd1 Qc7 27. Qe3 h4 28. Kg2 hxg3 29. hxg3 g4 30. Bf2 Qf7 31. Ne2 Qg6 32. Nf4 Bxf4 33. Qxf4 Nxe4 34. Bb6 e5 35. Qf7 Qxf7 36. Bxf7 Re7 37. Bg6 Nf6 38. Rd6 Ne8 39. Bf5+ Kb8 40. Rg6 e4 41. Bxg4 Ne5 42. Re6 Rxe6 43. Bxe6 Nc7 44. Bf5 Nc4 45. Bd4 Nd6 46. Bg6 Kc8 47. b3 Kd7 48. Be5 Nce8 49. Kf2 Ke6 50. Bxd6 Nxd6 51. Ke3 Ke5 52. a5 Kd5 53. c3 Ke5 54. c4 Nc8 55. Bxe4 Nd6 56. Bd5 Nf5+ 57. Kd3 Nd4 58. b4 Nc6 59. Bxc6 bxc6 60. Ke3 1-0

[Event "SFR-ch Seniors"]
[Site "Kiselevsk"]
[Date "2010.10.11"]
[Round "1"]
[White "Solomin, Vyacheslav"]
[Black "Popov, Vladimir P"]
[Result "0-1"]
[WhiteElo "1970"]
[BlackElo "2009"]
[PlyCount "102"]
[EventDate "2010.10.11"]
[EventType "swiss"]
[EventRounds "9"]
[EventCountry "RUS"]
[SourceTitle "EXT 2022"]
[Source "ChessBase"]
[SourceDate "2021.10.06"]
[SourceVersion "1"]
[SourceVersionDate "2021.10.06"]
[SourceQuality "1"]

1. d4 d5 2. Nf3 Nf6 3. Bf4 e6 4. e3 c5 5. c3 Nc6 6. Bd3 Be7 7. 0-0 0-0 8. Nbd2 Bd7 9. Be5 Nxe5 10. Nxe5 Bc6 11. Ndf3 Bd6 12. Qe2 Ne4 13. Nxc6 bxc6 14. Bxe4 dxe4 15. Nd2 f5 16. dxc5 Bxc5 17. Rfd1 Qe7 18. Qc4 Rac8 19. Nb3 Bb6 20. Rd2 Rfe8 21. Rad1 Rc7 22. a4 Rb7 23. a5 Bc7 24. Rd7 Bxh2+ 25. Kxh2 Rxd7 26. Rxd7 Qxd7 27. Nd4 Qd6+ 28. g3 c5 29. Nb3 Rc8 30. Nc1 Qd5 31. Qa6 Rc7 32. Ne2 e5 33. Qb5 Kf7 34. c4 Qb7 35. Nc3 a6 36. Qb6 Qxb6 37. axb6 Rb7 38. Na4 Ke7 39. g4 f4 40. b3 Kd6 41. g5 fxe3 42. fxe3 Kc6 43. Kg3 g6 44. Nc3 Rxb6 45. Nxe4 Rxb3 46. Kf3 a5 47. Nf6 Rb7 48. Ke4 a4 49. Nd5 a3 50. Nc3 Rb3 51. Na2 Kd6 0-1

[Event "CFR-chT"]
[Site "Elets"]
[Date "2009.12.17"]
[Round "3"]
[White "Ajrapetian, Gevorg"]
[Black "Popov, Vladimir P"]
[Result "1-0"]
[WhiteElo "2436"]
[BlackElo "1950"]
[PlyCount "67"]
[EventDate "2009.12.16"]
[EventType "team-swiss"]
[EventRounds "7"]
[EventCountry "RUS"]
[SourceTitle "EXT 2022"]
[Source "ChessBase"]
[SourceDate "2021.10.06"]
[SourceVersion "1"]
[SourceVersionDate "2021.10.06"]
[SourceQuality "1"]

1. e4 c5 2. Nf3 d6 3. c3 Nf6 4. Be2 Nc6 5. d3 e6 6. 0-0 Be7 7. Re1 0-0 8. Bf1 a6 9. d4 b5 10. Bf4 Nh5 11. Be3 Nf6 12. Bg5 Nh5 13. Bxe7 Qxe7 14. a4 b4 15. dxc5 dxc5 16. Nbd2 Nf4 17. g3 Ng6 18. Nc4 Rd8 19. Qe2 a5 20. Qe3 Ba6 21. e5 Bxc4 22. Bxc4 Rac8 23. Rad1 Rxd1 24. Rxd1 Qc7 25. Re1 Nce7 26. h4 Rd8 27. h5 Nf5 28. Qe4 Nge7 29. g4 Nh6 30. Ng5 Qc6 31. Qxh7+ Kf8 32. Qh8+ Neg8 33. Nh7+ Ke8 34. Bb5 1-0

[Event "RUS-ch Seniors"]
[Site "Odintsovo"]
[Date "2008.10.07"]
[Round "5"]
[White "Popov, Vladimir P"]
[Black "Bobylev, Valentin"]
[Result "0-1"]
[WhiteElo "2025"]
[BlackElo "2188"]
[PlyCount "72"]
[EventDate "2008.10.02"]
[EventType "swiss"]
[EventRounds "9"]
[EventCountry "RUS"]
[SourceTitle "CBM 127 Extra"]
[Source "ChessBase"]
[SourceDate "2009.01.08"]
[SourceVersion "2"]
[SourceVersionDate "2009.01.28"]
[SourceQuality "1"]

1. d4 g6 2. c4 Bg7 3. Nf3 c5 4. e3 d6 5. Nc3 Na6 6. Be2 Nf6 7. d5 0-0 8. 0-0 e6 9. e4 e5 10. Ne1 Ne8 11. f4 f5 12. fxe5 dxe5 13. Be3 Nd6 14. Qd2 f4 15. Bf2 Qe8 16. a3 h5 17. b4 b6 18. b5 Nc7 19. Qd1 Bf6 20. a4 a6 21. bxa6 Nxa6 22. Rb1 Nb4 23. Nc2 Nxc2 24. Qxc2 Bd8 25. Nb5 Nb7 26. Qd1 Bd7 27. Qc2 g5 28. Qd1 g4 29. g3 Qg6 30. Qc2 h4 31. Be1 hxg3 32. hxg3 f3 33. Bd3 Rf7 34. Rf2 Rh7 35. Bf1 Bg5 36. Rh2 Rxh2 0-1